| 000 | 00709ngm a2200217 i 4500 | ||
|---|---|---|---|
| 001 | 174465 | ||
| 003 | ES-MaACL | ||
| 005 | 20230906215534.0 | ||
| 007 | vd c ai | ||
| 008 | 100426s2005 sp --- |01 ||spa d | ||
| 100 | 1 |
_aJourdan, Laurence. _9142580 |
|
| 245 | 1 | 4 |
_aThe armenian genocide [ _hVídeo] _b= Le génocide arménien / _ca documentary by Laurence Jourdan. |
| 246 | 3 | 1 | _aLe génocide arménien |
| 260 |
_a[S.l.] : _bArte, _ccop. 2005. |
||
| 300 |
_a1 videodisco (DVD) : _b52, 46 min. ; _c12 cm. |
||
| 505 | 8 | _aCon una entrevista a Yves Ternon | |
| 546 | _aEn inglés y francés. | ||
| 610 | 1 | 4 |
_aArmenia. _9142581 |
| 700 | 1 |
_aTernon, Ives. _9109759 |
|
| 852 |
_aES-MaACL _jROT 2/4/19 _z.- DVD |
||
| 999 |
_c174465 _d174465 |
||